000 00364nam a2200133Ia 4500
008 240624s9999 xx 000 0 und d
041 _aeng
082 _a332.64 HAR
100 _aHARRIS LARRY
245 _aTRADING AND EXCHANGE MARKET MICROSTRUCTU
260 _c2008
_aNew Delhi
_bOxford University press
300 _axii, : 643 : p. : cm. ; 24
365 _cRS
_b30
999 _c11481
_d11481